It looks like you're offline.
Open Library logo
additional options menu

MARC Record from Talis

Record ID talis_openlibrary_contribution/talis-openlibrary-contribution.mrc:23634735:526
Source Talis
Download Link /show-records/talis_openlibrary_contribution/talis-openlibrary-contribution.mrc:23634735:526?format=raw

LEADER: 00526nam a2200205 a 4500
001 b40f596f5e0d4813aed841714a48f383
003 UK-BiTAL
005 20050705111422.0
008 810714s1974 it | 000 ||mul|d
035 $a()x4800424
040 $aPR$cPR$dPR$dUK-BiTAL
041 0 $aengita
082 04 $a730.924$218
100 1 $aChrispolti, Enrico.
245 00 $aMirko.
260 $aBologna :$bEdizioni Bora,$c1974.
300 $a375p. :$bill.(some col.)
546 $aEnglish and Italian text.
600 04 $aMirko.
700 0 $aMirko.